[Event "Uppsala Young Champions 2016"]
[Site "Uppsala Schackcentrum, Sweden"]
[Date "2016.10.30"]
[Round "4.6"]
[White "Nilsson, Joakim"]
[Black "Cardenas, William"]
[Result "1/2-1/2"]
[BlackElo "1986"]
[WhiteElo "2059"]
[LiveChessVersion "1.4.8"]

1. Nf3 {[%clk 1:30:55]} d5 {[%clk 1:30:55]} 2. c4 {[%clk 1:31:18]} e6
{[%clk 1:31:17]} 3. b3 {[%clk 1:31:35]} Nf6 {[%clk 1:31:39]} 4. g3
{[%clk 1:31:57]} Be7 {[%clk 1:32:03]} 5. Bg2 {[%clk 1:30:52]} O-O
{[%clk 1:32:26]} 6. O-O {[%clk 1:31:16]} c5 {[%clk 1:32:54]} 7. Bb2
{[%clk 1:29:44]} Nc6 {[%clk 1:33:17]} 8. e3 {[%clk 1:29:28]} b6 {[%clk 1:33:42]}
9. d3 Ba6 {[%clk 1:33:22]} 10. Qe2 {[%clk 1:22:45]} Qd7 {[%clk 1:33:46]} 11. Nc3
{[%clk 1:17:29]} Rad8 {[%clk 1:34:10]} 12. Rad1 {[%clk 1:14:27]} Rfe8
{[%clk 1:28:32]} 13. Nb5 {[%clk 0:56:56]} Bxb5 {[%clk 1:27:58]} 14. cxb5
{[%clk 0:57:14]} Na5 {[%clk 1:28:24]} 15. d4 {[%clk 0:54:00]} c4 {[%clk 1:24:41]}
16. bxc4 {[%clk 0:54:09]} Nxc4 {[%clk 1:23:27]} 17. a4 {[%clk 0:54:14]} Qb7
{[%clk 0:46:33]} 18. Ne1 {[%clk 0:49:40]} Rc8 {[%clk 0:43:22]} 19. Nd3
{[%clk 0:46:38]} a6 {[%clk 0:39:19]} 20. Ne5 {[%clk 0:34:08]} axb5
{[%clk 0:39:29]} 21. axb5 {[%clk 0:34:30]} Nxe5 {[%clk 0:39:04]} 22. dxe5
{[%clk 0:34:53]} Ne4 {[%clk 0:39:12]} 23. Bxe4 {[%clk 0:31:20]} dxe4
{[%clk 0:39:38]} 24. Rd4 {[%clk 0:29:38]} Bc5 {[%clk 0:39:24]} 25. Rd2
{[%clk 0:28:34]} Bb4 {[%clk 0:38:02]} 26. Rd4 {[%clk 0:27:46]} Bc5
{[%clk 0:38:28]} 27. Rd2 {[%clk 0:26:25]} Bb4 {[%clk 0:38:54]} 28. Rd4
{[%clk 0:25:15]} 1/2-1/2

[Event "Uppsala Young Champions 2016"]
[Site "Uppsala Schackcentrum, Sweden"]
[Date "2016.10.30"]
[Round "4.7"]
[White "Emmoth, Alfons"]
[Black "Bit-Narva, David"]
[Result "0-1"]
[BlackElo "2019"]
[WhiteElo "1899"]
[LiveChessVersion "1.4.8"]

1. d4 {[%clk 1:30:57]} d6 {[%clk 1:28:21]} 2. Nf3 {[%clk 1:31:21]} g6
{[%clk 1:28:38]} 3. c4 {[%clk 1:31:00]} Bg7 {[%clk 1:28:52]} 4. e4
{[%clk 1:28:26]} Nf6 {[%clk 1:28:57]} 5. Nc3 {[%clk 1:28:41]} O-O
{[%clk 1:29:18]} 6. Be2 {[%clk 1:28:45]} Nbd7 {[%clk 1:29:01]} 7. O-O
{[%clk 1:28:44]} e5 {[%clk 1:29:22]} 8. Re1 {[%clk 1:27:35]} exd4
{[%clk 1:27:43]} 9. Nxd4 {[%clk 1:27:10]} Nc5 {[%clk 1:26:51]} 10. f3
{[%clk 1:23:07]} Ne6 {[%clk 1:19:19]} 11. Be3 {[%clk 1:16:06]} Nh5
{[%clk 1:11:15]} 12. Qd2 {[%clk 1:02:11]} Nhf4 {[%clk 0:56:10]} 13. Bf1
{[%clk 0:54:08]} Be5 {[%clk 0:39:22]} 14. Nd5 {[%clk 0:38:21]} Nxd4
{[%clk 0:29:23]} 15. Bxd4 {[%clk 0:32:53]} Ne6 {[%clk 0:28:42]} 16. Be3
{[%clk 0:27:39]} c6 {[%clk 0:20:43]} 17. Nc3 {[%clk 0:25:27]} Qf6
{[%clk 0:19:52]} 18. Rab1 {[%clk 0:23:10]} b6 {[%clk 0:11:37]} 19. Ne2
{[%clk 0:21:40]} g5 {[%clk 0:11:34]} 20. Red1 {[%clk 0:19:11]} Bb7
{[%clk 0:11:07]} 21. Nd4 {[%clk 0:18:34]} Nxd4 {[%clk 0:09:26]} 22. Bxd4
{[%clk 0:18:53]} Rfd8 {[%clk 0:08:02]} 23. Be3 {[%clk 0:14:14]} h6
{[%clk 0:07:40]} 24. h4 {[%clk 0:09:57]} Bf4 {[%clk 0:06:03]} 25. hxg5
{[%clk 0:09:48]} hxg5 {[%clk 0:06:25]} 26. Bxf4 {[%clk 0:08:01]} gxf4
{[%clk 0:06:54]} 27. Qd4 {[%clk 0:07:52]} Qh4 {[%clk 0:05:42]} 28. Qf2
{[%clk 0:07:54]} Qh6 {[%clk 0:05:10]} 29. g4 {[%clk 0:07:16]} fxg3
{[%clk 0:04:55]} 30. Qxg3+ {[%clk 0:07:38]} Kh7 {[%clk 0:04:57]} 31. Bg2
{[%clk 0:06:37]} Rg8 {[%clk 0:04:00]} 32. Qxd6 {[%clk 0:05:26]} Qe3+
{[%clk 0:03:59]} 33. Kf1 {[%clk 0:04:37]} Rxg2 {[%clk 0:04:21]} 34. Kxg2
{[%clk 0:04:35]} Rg8+ {[%clk 0:04:46]} 35. Qg3 {[%clk 0:04:03]} Qe2+
{[%clk 0:03:53]} 36. Kh3 {[%clk 0:04:13]} Bc8+ {[%clk 0:02:53]} 37. Kh4
{[%clk 0:04:37]} Qe3 {[%clk 0:00:52]} 38. Qxg8+ {[%clk 0:03:30]} Kxg8
{[%clk 0:01:21]} 39. Rd8+ {[%clk 0:02:42]} Kg7 {[%clk 0:01:50]} 40. Rxc8
{[%clk 0:02:52]} Qf4+ {[%clk 0:02:15]} 41. Kh3 {[%clk 0:03:08]} Qxf3+
{[%clk 0:02:40]} 42. Kh2 {[%clk 0:03:17]} Qe2+ {[%clk 0:01:45]} 43. Kg1
{[%clk 0:02:44]} Qg4+ {[%clk 0:02:06]} 0-1

[Event "Uppsala Young Champions 2016"]
[Site "Uppsala Schackcentrum, Sweden"]
[Date "2016.10.30"]
[Round "4.8"]
[White "Buchert, Vitus"]
[Black "Jäppinen, Erland"]
[Result "1-0"]
[BlackElo "1768"]
[WhiteElo "1782"]
[LiveChessVersion "1.4.8"]

1. e4 {[%clk 1:30:56]} c6 {[%clk 1:30:57]} 2. d3 {[%clk 1:28:34]} d5
{[%clk 1:31:22]} 3. Nd2 {[%clk 1:28:56]} e5 {[%clk 1:31:49]} 4. g3
{[%clk 1:29:15]} Nf6 {[%clk 1:32:02]} 5. Bg2 {[%clk 1:29:39]} Bd6
{[%clk 1:32:23]} 6. Ngf3 {[%clk 1:29:56]} O-O {[%clk 1:32:41]} 7. O-O
{[%clk 1:30:18]} Re8 {[%clk 1:32:46]} 8. c3 {[%clk 1:29:55]} Qc7 {[%clk 1:32:52]}
9. Qc2 {[%clk 1:28:55]} Nbd7 {[%clk 1:33:01]} 10. Re1 {[%clk 1:28:20]} a5
{[%clk 1:32:51]} 11. d4 {[%clk 1:24:38]} exd4 {[%clk 1:27:35]} 12. Nxd4
{[%clk 1:14:15]} Nc5 {[%clk 1:25:01]} 13. Re2 {[%clk 1:12:08]} dxe4
{[%clk 1:18:41]} 14. Nxe4 {[%clk 1:12:26]} Ncxe4 {[%clk 1:18:23]} 15. Bxe4
{[%clk 1:12:47]} Bh3 {[%clk 1:10:56]} 16. Bg2 {[%clk 1:10:14]} Bxg2
{[%clk 1:03:11]} 17. Kxg2 {[%clk 1:10:41]} c5 {[%clk 1:01:51]} 18. Nf5
{[%clk 1:06:01]} Qc6+ {[%clk 0:55:47]} 19. Kg1 {[%clk 1:05:51]} Qf3
{[%clk 0:46:00]} 20. Be3 {[%clk 1:03:19]} Bf8 {[%clk 0:41:43]} 21. Rae1
{[%clk 1:01:34]} Qh5 {[%clk 0:34:05]} 22. Bf4 {[%clk 0:54:35]} Rxe2
{[%clk 0:33:33]} 23. Rxe2 {[%clk 0:54:56]} a4 {[%clk 0:21:51]} 24. Ne3
{[%clk 0:48:44]} Rc8 {[%clk 0:16:47]} 25. Rd2 {[%clk 0:35:53]} Re8 26. Qxa4
{[%clk 0:32:31]} Qg6 {[%clk 0:05:23]} 27. Qc2 {[%clk 0:27:38]} Ne4
{[%clk 0:03:58]} 28. Rd7 {[%clk 0:27:27]} Qc6 {[%clk 0:03:05]} 29. Rc7
{[%clk 0:27:34]} Qf6 {[%clk 0:01:42]} 30. Rxb7 {[%clk 0:22:46]} g5
{[%clk 0:01:47]} 31. Bc7 {[%clk 0:21:09]} Qf3 {[%clk 0:00:57]} 32. Rb8
{[%clk 0:16:54]} Re6 {[%clk 0:00:49]} 33. Rb6 {[%clk 0:12:47]} Rxb6
{[%clk 0:00:43]} 34. Bxb6 {[%clk 0:13:08]} g4 {[%clk 0:01:12]} 35. b4
{[%clk 0:05:46]} cxb4 {[%clk 0:01:04]} 36. cxb4 {[%clk 0:06:06]} Bxb4
{[%clk 0:01:05]} 37. Qc8+ {[%clk 0:06:06]} Kg7 {[%clk 0:01:00]} 38. Qxg4+
{[%clk 0:06:26]} Qxg4 {[%clk 0:01:29]} 39. Nxg4 {[%clk 0:06:45]} Nc3
{[%clk 0:01:46]} 40. Bd4+ {[%clk 0:06:45]} Kg6 {[%clk 0:01:33]} 41. Ne5+
{[%clk 0:06:44]} Kf5 {[%clk 0:01:56]} 42. Bxc3 {[%clk 0:07:07]} Bxc3
{[%clk 0:02:26]} 43. Nxf7 {[%clk 0:07:24]} Kg4 {[%clk 0:02:52]} 44. Kg2
{[%clk 0:07:37]} Kf5 {[%clk 0:02:29]} 45. Kf3 {[%clk 0:07:06]} Bd2
{[%clk 0:02:44]} 46. Nd6+ {[%clk 0:07:14]} Ke6 {[%clk 0:03:11]} 47. Ne4
{[%clk 0:07:33]} Ba5 {[%clk 0:03:27]} 48. h4 {[%clk 0:07:54]} h6 {[%clk 0:03:45]}
49. g4 {[%clk 0:08:14]} Bd8 {[%clk 0:03:45]} 50. g5 {[%clk 0:08:30]} h5
{[%clk 0:03:22]} 51. Nf6 {[%clk 0:08:10]} Kf5 {[%clk 0:03:42]} 52. Nxh5
{[%clk 0:08:32]} Kg6 {[%clk 0:04:05]} 53. Ng3 {[%clk 0:08:55]} Bb6
{[%clk 0:04:25]} 54. a4 {[%clk 0:08:51]} Kh7 {[%clk 0:04:38]} 55. Ne4
{[%clk 0:09:12]} Kh8 {[%clk 0:05:04]} 56. Kg4 {[%clk 0:09:28]} Ba7
{[%clk 0:05:19]} 57. h5 {[%clk 0:09:33]} Kg8 {[%clk 0:05:43]} 58. g6
{[%clk 0:09:49]} Kh8 {[%clk 0:05:47]} 59. h6 {[%clk 0:10:11]} Bd4
{[%clk 0:05:55]} 60. Kg5 {[%clk 0:09:53]} Bf6+ {[%clk 0:06:06]} 61. Kxf6
{[%clk 0:09:58]} 1-0

[Event "Uppsala Young Champions 2016"]
[Site "Uppsala Schackcentrum, Sweden"]
[Date "2016.10.30"]
[Round "4.9"]
[White "Björkman, Filip"]
[Black "Carlsson, Ludvig"]
[Result "1-0"]
[BlackElo "2013"]
[WhiteElo "1976"]
[LiveChessVersion "1.4.8"]

1. e4 {[%clk 1:30:46]} d6 {[%clk 1:30:51]} 2. d4 {[%clk 1:31:05]} Nf6
{[%clk 1:31:16]} 3. Nc3 {[%clk 1:31:30]} g6 {[%clk 1:31:37]} 4. f4
{[%clk 1:29:59]} Bg7 {[%clk 1:31:59]} 5. Nf3 {[%clk 1:30:22]} c5 {[%clk 1:32:24]}
6. Bc4 {[%clk 1:28:16]} cxd4 {[%clk 1:03:46]} 7. Qxd4 {[%clk 1:24:42]} O-O
{[%clk 1:03:13]} 8. O-O {[%clk 1:22:30]} Ng4 {[%clk 1:02:54]} 9. Qd2
{[%clk 1:20:49]} Qa5 {[%clk 0:56:48]} 10. Kh1 {[%clk 1:19:02]} Nc6
{[%clk 0:55:36]} 11. Rb1 {[%clk 1:03:09]} Qc5 {[%clk 0:37:43]} 12. Qe2
{[%clk 1:02:55]} a6 {[%clk 0:36:24]} 13. h3 {[%clk 0:55:44]} Nf6 {[%clk 0:32:23]}
14. Be3 {[%clk 0:55:25]} Nh5 {[%clk 0:32:35]} 15. Kh2 {[%clk 0:51:54]} Qa5
{[%clk 0:31:36]} 16. Nd5 {[%clk 0:46:58]} b5 {[%clk 0:26:07]} 17. Bb6
{[%clk 0:17:14]} Nxf4 {[%clk 0:26:29]} 18. Qe3 {[%clk 0:17:44]} Nxd5
{[%clk 0:25:28]} 19. Bxd5 {[%clk 0:17:22]} Bd4 {[%clk 0:25:11]} 20. Bxd4
{[%clk 0:16:20]} 1-0

[Event "Uppsala Young Champions 2016"]
[Site "Uppsala Schackcentrum, Sweden"]
[Date "2016.10.30"]
[Round "4.10"]
[White "Aira, Leonardo"]
[Black "Mitra, Akash"]
[Result "1-0"]
[BlackElo "1515"]
[WhiteElo "1861"]
[LiveChessVersion "1.4.8"]

1. e4 {[%clk 1:28:53]} c5 {[%clk 1:30:40]} 2. d4 {[%clk 1:28:49]} cxd4
{[%clk 1:30:51]} 3. c3 {[%clk 1:29:09]} d3 {[%clk 1:30:31]} 4. Bxd3
{[%clk 1:29:15]} d6 {[%clk 1:30:22]} 5. h3 {[%clk 1:26:54]} Nf6 {[%clk 1:28:56]}
6. Nf3 {[%clk 1:26:46]} Nc6 {[%clk 1:28:26]} 7. O-O {[%clk 1:25:53]} e6
{[%clk 1:22:51]} 8. Qe2 {[%clk 1:22:49]} Qc7 {[%clk 1:21:08]} 9. Bf4
{[%clk 1:19:31]} e5 {[%clk 1:17:56]} 10. Bh2 Be7 {[%clk 1:15:45]} 11. Rd1
{[%clk 1:10:54]} O-O {[%clk 1:12:58]} 12. Nbd2 {[%clk 1:08:42]} Be6
{[%clk 1:10:11]} 13. Nf1 {[%clk 1:05:30]} a6 {[%clk 1:04:56]} 14. Ne3
{[%clk 1:02:46]} Bd7 {[%clk 1:02:29]} 15. Nd5 {[%clk 0:52:31]} Nxd5
{[%clk 1:01:50]} 16. exd5 {[%clk 0:52:56]} Nd8 {[%clk 1:01:16]} 17. Nxe5
{[%clk 0:30:52]} dxe5 {[%clk 0:59:40]} 18. Bxe5 {[%clk 0:31:13]} Bd6
{[%clk 0:58:14]} 19. Bxh7+ {[%clk 0:27:34]} Kxh7 {[%clk 0:57:19]} 20. Qh5+
{[%clk 0:27:53]} Kg8 {[%clk 0:57:30]} 21. Bxg7 {[%clk 0:27:25]} Kxg7
{[%clk 0:53:07]} 22. Qg5+ {[%clk 0:26:48]} Kh7 {[%clk 0:49:02]} 23. Rd4
{[%clk 0:26:21]} Bg3 {[%clk 0:45:57]} 24. fxg3 {[%clk 0:24:51]} Qb6
{[%clk 0:46:02]} 25. Kh2 {[%clk 0:25:04]} Qg6 {[%clk 0:45:50]} 26. Qe7
{[%clk 0:23:01]} Nc6 {[%clk 0:40:23]} 27. dxc6 {[%clk 0:17:47]} Be6
{[%clk 0:39:30]} 28. cxb7 {[%clk 0:17:06]} Rae8 {[%clk 0:39:01]} 29. Qc7
{[%clk 0:15:29]} Kg7 {[%clk 0:38:24]} 30. Re1 {[%clk 0:10:47]} Bxh3
{[%clk 0:36:21]} 31. Rxe8 {[%clk 0:10:26]} Rxe8 {[%clk 0:35:40]} 32. b8=Q
{[%clk 0:08:56]} Re2 {[%clk 0:35:48]} 33. Qe5+ {[%clk 0:09:04]} Rxe5
{[%clk 0:35:41]} 34. Qxe5+ {[%clk 0:09:27]} f6 {[%clk 0:35:53]} 35. Qe7+
{[%clk 0:09:38]} Kh6 {[%clk 0:36:07]} 36. Rh4+ {[%clk 0:09:47]} Kg5
{[%clk 0:36:26]} 37. Qe3+ {[%clk 0:08:44]} Kf5 {[%clk 0:36:34]} 38. Qe4+
{[%clk 0:08:54]} Kg5 {[%clk 0:36:51]} 39. Qf4# {[%clk 0:09:17]} 1-0

[Event "Uppsala Young Champions 2016"]
[Site "Uppsala Schackcentrum, Sweden"]
[Date "2016.10.31"]
[Round "5.1"]
[White "Ragnarsson, Dagur"]
[Black "Tuomainen, Felix"]
[Result "1/2-1/2"]
[BlackElo "2198"]
[WhiteElo "2232"]
[LiveChessVersion "1.4.8"]

1. e4 {[%clk 1:30:50]} e6 {[%clk 1:26:21]} 2. d4 {[%clk 1:31:01]} d5
{[%clk 1:26:47]} 3. Nd2 {[%clk 1:31:26]} dxe4 {[%clk 1:25:20]} 4. Nxe4
{[%clk 1:31:49]} Bd7 {[%clk 1:24:02]} 5. Nf3 {[%clk 1:31:10]} Bc6
{[%clk 1:23:22]} 6. Bd3 {[%clk 1:31:25]} Nd7 {[%clk 1:19:55]} 7. Qe2
{[%clk 1:30:58]} Ngf6 {[%clk 1:19:59]} 8. Bg5 {[%clk 1:25:58]} Be7
{[%clk 1:17:39]} 9. Bxf6 {[%clk 1:18:31]} Nxf6 {[%clk 1:15:23]} 10. O-O-O
{[%clk 1:16:23]} O-O {[%clk 1:13:22]} 11. Nxf6+ {[%clk 1:12:24]} Bxf6
{[%clk 1:13:30]} 12. Ne5 {[%clk 1:12:30]} Bxe5 {[%clk 1:11:59]} 13. dxe5
{[%clk 1:08:52]} Qg5+ {[%clk 1:08:41]} 14. Kb1 {[%clk 1:08:51]} Rad8
{[%clk 1:03:53]} 15. Be4 {[%clk 0:54:09]} Bxe4 {[%clk 1:01:55]} 16. Qxe4
{[%clk 0:54:32]} c6 {[%clk 0:59:15]} 17. h4 {[%clk 0:50:35]} Qh5 {[%clk 0:58:24]}
18. Rde1 {[%clk 0:42:47]} Rd2 {[%clk 0:56:37]} 19. Qe3 {[%clk 0:32:41]} Rfd8
{[%clk 0:56:20]} 20. Kc1 {[%clk 0:32:58]} Qf5 {[%clk 0:53:24]} 21. Qxd2
{[%clk 0:33:09]} Rxd2 {[%clk 0:53:47]} 22. Kxd2 {[%clk 0:33:35]} Qxf2+
{[%clk 0:53:50]} 23. Re2 {[%clk 0:32:05]} Qf4+ {[%clk 0:54:00]} 24. Kd1
{[%clk 0:31:06]} h6 {[%clk 0:53:18]} 25. a3 {[%clk 0:26:54]} c5 {[%clk 0:50:53]}
26. Rh3 {[%clk 0:26:57]} b5 {[%clk 0:49:24]} 27. c3 {[%clk 0:23:57]} a5
{[%clk 0:47:49]} 28. h5 {[%clk 0:23:41]} Qc4 {[%clk 0:41:33]} 29. Ke1
{[%clk 0:23:34]} b4 {[%clk 0:40:38]} 30. cxb4 {[%clk 0:23:31]} cxb4
{[%clk 0:40:16]} 31. axb4 {[%clk 0:23:48]} axb4 {[%clk 0:40:28]} 32. b3
{[%clk 0:22:11]} Qc1+ {[%clk 0:40:41]} 33. Kf2 {[%clk 0:22:38]} Qf4+
{[%clk 0:40:54]} 34. Kg1 {[%clk 0:21:59]} Qd4+ {[%clk 0:40:16]} 35. Kf1
{[%clk 0:21:25]} Qf4+ {[%clk 0:40:19]} 36. Kg1 {[%clk 0:21:51]} Qd4+
{[%clk 0:40:38]} 37. Kf1 {[%clk 0:22:17]} Qf4+ {[%clk 0:40:38]} 1/2-1/2

[Event "Uppsala Young Champions 2016"]
[Site "Uppsala Schackcentrum, Sweden"]
[Date "2016.10.31"]
[Round "5.2"]
[White "Jogstad, Martin"]
[Black "Johannesson, Oliver Aron"]
[Result "1/2-1/2"]
[BlackElo "2263"]
[WhiteElo "2298"]
[LiveChessVersion "1.4.8"]

1. Nf3 {[%clk 1:30:35]} d5 {[%clk 1:29:40]} 2. e3 {[%clk 1:30:54]} Nf6
{[%clk 1:29:42]} 3. c4 {[%clk 1:31:14]} c6 {[%clk 1:30:03]} 4. Nc3
{[%clk 1:30:18]} a6 {[%clk 1:28:55]} 5. Qb3 {[%clk 1:23:37]} e6 {[%clk 1:25:59]}
6. d4 {[%clk 1:22:47]} b5 {[%clk 1:23:50]} 7. cxd5 {[%clk 1:17:47]} exd5
{[%clk 1:22:20]} 8. Bd3 {[%clk 1:17:09]} Bd6 {[%clk 1:12:56]} 9. O-O
{[%clk 1:14:02]} O-O {[%clk 1:11:49]} 10. e4 {[%clk 1:12:34]} dxe4
{[%clk 1:09:47]} 11. Nxe4 {[%clk 1:12:40]} Be7 {[%clk 1:09:25]} 12. Qc2
{[%clk 1:09:56]} h6 {[%clk 1:07:56]} 13. Bd2 {[%clk 1:00:44]} Be6
{[%clk 1:06:22]} 14. Rfe1 {[%clk 0:43:20]} Bd5 {[%clk 1:00:38]} 15. Ne5
{[%clk 0:43:09]} a5 {[%clk 0:51:23]} 16. Nc5 {[%clk 0:34:49]} a4 {[%clk 0:42:46]}
17. Re3 {[%clk 0:33:06]} Na6 {[%clk 0:38:01]} 18. Rg3 {[%clk 0:24:47]} Kh8
{[%clk 0:27:22]} 19. Qc1 {[%clk 0:16:06]} Ng8 {[%clk 0:25:36]} 20. Rh3
{[%clk 0:14:37]} g5 {[%clk 0:25:09]} 21. Ne4 {[%clk 0:11:30]} f6 {[%clk 0:16:11]}
22. Ng6+ {[%clk 0:09:46]} Kg7 {[%clk 0:16:36]} 23. Ng3 {[%clk 0:09:45]} Re8
{[%clk 0:15:43]} 24. Nf5+ {[%clk 0:08:53]} Kxg6 {[%clk 0:15:31]} 25. Nxe7+
{[%clk 0:08:24]} Kf7 {[%clk 0:14:34]} 26. Nxg8 {[%clk 0:07:50]} Rxg8
{[%clk 0:14:27]} 27. Rxh6 {[%clk 0:07:50]} Rh8 {[%clk 0:13:50]} 28. Rxh8
{[%clk 0:07:16]} Qxh8 {[%clk 0:14:18]} 29. Qc3 {[%clk 0:03:38]} Qh4
{[%clk 0:13:11]} 30. Bf5 {[%clk 0:03:47]} Re8 31. Re1 {[%clk 0:03:42]} Rxe1+
{[%clk 0:11:53]} 32. Bxe1 {[%clk 0:04:11]} Qf4 {[%clk 0:11:29]} 33. Qh3
{[%clk 0:03:22]} Qc1 {[%clk 0:10:19]} 34. Qh5+ {[%clk 0:03:44]} Kf8
{[%clk 0:10:32]} 35. Qe2 {[%clk 0:03:08]} Bc4 {[%clk 0:09:25]} 36. Qd2
{[%clk 0:02:31]} Qxd2 {[%clk 0:09:18]} 37. Bxd2 {[%clk 0:03:00]} Bxa2
{[%clk 0:09:41]} 38. Ba5 {[%clk 0:02:02]} Bc4 {[%clk 0:08:57]} 39. Bc8
{[%clk 0:01:31]} b4 {[%clk 0:09:20]} 40. Bxa6 {[%clk 0:01:42]} Bxa6
{[%clk 0:09:49]} 41. Bxb4+ {[%clk 0:02:06]} Kf7 {[%clk 0:10:12]} 42. f3
{[%clk 0:02:04]} f5 {[%clk 0:10:22]} 43. Kf2 {[%clk 0:02:12]} Bc4
{[%clk 0:10:35]} 44. Ke3 {[%clk 0:01:56]} Ke6 {[%clk 0:10:31]} 45. g4
{[%clk 0:01:12]} Kf6 {[%clk 0:09:53]} 46. Ba5 {[%clk 0:01:19]} Bd5
{[%clk 0:09:47]} 47. Bd8+ {[%clk 0:01:44]} Kg6 {[%clk 0:10:13]} 48. h4
{[%clk 0:01:40]} gxh4 {[%clk 0:10:23]} 49. Bxh4 {[%clk 0:02:01]} fxg4
{[%clk 0:10:48]} 50. fxg4 {[%clk 0:02:55]} Be6 {[%clk 0:11:04]} 51. Kf4
{[%clk 0:02:59]} Bd5 {[%clk 0:11:32]} 52. Ke5 {[%clk 0:03:26]} Bf3
{[%clk 0:11:19]} 53. Kd6 Be4 54. Bd8 {[%clk 0:03:31]} Bf3 {[%clk 0:11:38]} 55.
Kc5 Be4 {[%clk 0:11:52]} 56. Kb4 {[%clk 0:03:59]} Bc2 {[%clk 0:12:15]} 57. Ka5
{[%clk 0:04:20]} Kf7 {[%clk 0:12:25]} 1/2-1/2

[Event "Uppsala Young Champions 2016"]
[Site "Uppsala Schackcentrum, Sweden"]
[Date "2016.10.31"]
[Round "5.3"]
[White "Stefansson, Vignir Vatnar"]
[Black "Storme, Isak"]
[Result "1/2-1/2"]
[BlackElo "2153"]
[WhiteElo "2163"]
[LiveChessVersion "1.4.8"]

1. g3 {[%clk 1:30:54]} c5 {[%clk 1:29:07]} 2. c4 {[%clk 1:31:19]} Nc6
{[%clk 1:29:31]} 3. Nc3 {[%clk 1:31:35]} g6 {[%clk 1:29:51]} 4. Bg2
{[%clk 1:31:58]} Bg7 {[%clk 1:30:14]} 5. Nf3 {[%clk 1:32:25]} Nh6
{[%clk 1:30:31]} 6. h4 {[%clk 1:31:42]} d6 {[%clk 1:30:48]} 7. d3
{[%clk 1:25:10]} Bg4 {[%clk 1:31:04]} 8. Bd2 {[%clk 1:17:45]} Qd7
{[%clk 1:17:54]} 9. Qc1 {[%clk 1:13:37]} Ng8 {[%clk 1:06:35]} 10. Rb1
{[%clk 1:10:15]} Nf6 {[%clk 0:59:53]} 11. a3 {[%clk 1:10:30]} Bxf3
{[%clk 0:50:14]} 12. Bxf3 {[%clk 1:10:41]} Nd4 {[%clk 0:50:39]} 13. Bg2
{[%clk 1:10:47]} Nb3 {[%clk 0:42:31]} 14. Qc2 {[%clk 1:11:07]} Nxd2
{[%clk 0:42:49]} 15. Qxd2 {[%clk 1:11:10]} Rc8 {[%clk 0:37:24]} 16. b4
{[%clk 1:11:27]} b6 {[%clk 0:37:46]} 17. O-O {[%clk 1:04:16]} Ng4
{[%clk 0:34:33]} 18. b5 {[%clk 1:03:31]} O-O {[%clk 0:30:46]} 19. a4
{[%clk 1:02:25]} Bxc3 {[%clk 0:27:32]} 20. Qxc3 {[%clk 1:02:48]} f5
{[%clk 0:26:02]} 21. e3 {[%clk 1:01:38]} e5 {[%clk 0:24:59]} 22. a5
{[%clk 1:00:43]} Qg7 {[%clk 0:22:56]} 23. axb6 {[%clk 1:00:25]} axb6
{[%clk 0:23:19]} 24. Ra1 {[%clk 1:00:41]} g5 {[%clk 0:21:38]} 25. hxg5
{[%clk 0:54:19]} Qxg5 {[%clk 0:22:02]} 26. Ra7 {[%clk 0:49:22]} f4
{[%clk 0:18:16]} 27. exf4 Rxf4 {[%clk 0:18:29]} 28. Qd2 {[%clk 0:39:42]} Qh6
{[%clk 0:08:13]} 29. Bd5+ {[%clk 0:40:04]} Kh8 {[%clk 0:08:37]} 30. f3
{[%clk 0:40:13]} Rxf3 {[%clk 0:08:12]} 31. Qxh6 {[%clk 0:40:05]} Rxg3+
{[%clk 0:08:26]} 32. Kh1 {[%clk 0:39:18]} Nxh6 {[%clk 0:08:50]} 33. Be4
{[%clk 0:37:59]} Rg7 {[%clk 0:08:46]} 34. Ra6 {[%clk 0:37:15]} Rb8
{[%clk 0:07:04]} 35. Rf6 {[%clk 0:36:47]} Ng4 {[%clk 0:07:27]} 36. Rxd6
{[%clk 0:36:24]} Nf2+ {[%clk 0:07:52]} 37. Kh2 {[%clk 0:36:45]} Nxe4
{[%clk 0:08:08]} 38. dxe4 {[%clk 0:37:09]} Rg4 {[%clk 0:08:28]} 39. Rdxb6
{[%clk 0:34:58]} Rxb6 {[%clk 0:08:51]} 40. Rxb6 {[%clk 0:35:23]} Rxe4
{[%clk 0:09:11]} 41. Re6 {[%clk 0:35:00]} Rxc4 {[%clk 0:09:16]} 42. b6
{[%clk 0:35:09]} Rb4 {[%clk 0:09:37]} 43. Rxe5 {[%clk 0:35:33]} Rxb6
{[%clk 0:09:41]} 44. Rxc5 {[%clk 0:36:01]} 1/2-1/2